Mediación en el ámbito intercultural /

Detalles Bibliográficos
Autor principal: Cobas Cobiella, María Elena (Autor)
Formato: Electrónico eBook
Lenguaje:español
Publicado: Madrid : Dykinson, S.L., [2024]
Colección:Colección Internacional de Mediación y MASC.
Materias:
Acceso en línea:Digitalia Hispánica

MARC

LEADER 00000nam a2200000 i 4500
001 DIGDYK3736
003 NyNyDIG
007 cr |||||||||||
008 250218s2024 sp ob 000 0 spa d
006 m o d
035 |a (OCoLC)1458756468 
040 |a DGITA  |b eng  |e rda  |e pn  |c DGITA 
020 |a 9788410705791  |q eBook 
020 |z 9788410705036 
024 7 |a 10.14679/3348  |2 doi 
050 1 4 |a HM1121 ebook 
100 1 |a Cobas Cobiella, María Elena,  |e author. 
245 1 0 |a Mediación en el ámbito intercultural /  |c María Elena Cobas Cobiella. 
264 1 |a Madrid :  |b Dykinson, S.L.,  |c [2024] 
300 |a 1 online resource. 
336 |a text  |b txt  |2 rdacontent 
337 |a computer  |b c  |2 rdamedia 
338 |a online resource  |b cr  |2 rdacarrier 
347 |a text file  |2 rdaft 
347 |b PDF 
490 1 |a Colección Internacional de Mediación y MASC 
504 |a Includes bibliographical references. 
588 0 |a Online resource; title from PDF title page (Digitalia, viewed February 18, 2025) 
650 0 |a Culture conflict. 
650 0 |a Multicultural education. 
650 0 |a Cultural pluralism. 
791 2 |a Digitalia (Firm),  |e distributor. 
793 0 |g Digitalia eBook Collection:  |a Dykinson Editorial 
776 0 8 |i Print version:  |a Cobas Cobiella, María Elena.  |t Mediación en el ámbito intercultural.  |d Madrid : Dykinson, S.L., [2024]  |z 9788410705036 
830 0 |a Colección Internacional de Mediación y MASC. 
856 4 0 |3 Digitalia Hispánica  |u https://www.digitaliapublishing.com/a/162682/ 
910 |a Premium collection: 2025